Disability Rights Commission Act 1999 (Record no. 103129)

MARC details
000 -LEADER
fixed length control field 00654cad a22001935a 4500
001 - CONTROL NUMBER
control field L123944
008 - FIXED-LENGTH DATA ELEMENTS--GENERAL INFORMATION
fixed length control field 000000s1999 xxk l 000 0 eng u
020 ## - INTERNATIONAL STANDARD BOOK NUMBER
International Standard Book Number 0105417998
035 ## - SYSTEM CONTROL NUMBER
System control number (Sirsi) u123944
110 2# - MAIN ENTRY--CORPORATE NAME
Corporate name or jurisdiction name as entry element United Kingdom
Form subheading Laws, etc.
9 (RLIN) 5044
245 ## - TITLE STATEMENT
Title Disability Rights Commission Act 1999
Medium [electronic resource]
260 ## - PUBLICATION, DISTRIBUTION, ETC.
Place of publication, distribution, etc. London
Name of publisher, distributor, etc. Stationery Office
Date of publication, distribution, etc. 1999
520 ## - SUMMARY, ETC.
Summary, etc. View the Act at www.hmso.go.uk.
650 ## - SUBJECT ADDED ENTRY--TOPICAL TERM
Topical term or geographic name entry element DISABILITY RIGHTS COMMISSION ACT 1999
650 ## - SUBJECT ADDED ENTRY--TOPICAL TERM
Topical term or geographic name entry element PEOPLE WITH DISABILITIES
690 ## - LOCAL SUBJECT ADDED ENTRY--TOPICAL TERM (OCLC, RLIN)
Topical term or geographic name as entry element LAW
856 ## - ELECTRONIC LOCATION AND ACCESS
Uniform Resource Identifier <a href="https://www.legislation.gov.uk/ukpga/1999/17/contents">https://www.legislation.gov.uk/ukpga/1999/17/contents</a>
Public note View the Act at www.legislation.gov.uk
942 ## - ADDED ENTRY ELEMENTS (KOHA)
Suppress in OPAC 0
Holdings
Withdrawn status Lost status Source of classification or shelving scheme Damaged status Not for loan Home library Current library Shelving location Date acquired Total Checkouts Full call number Barcode Date last seen Copy number Price effective from Koha item type
    Dewey Decimal Classification     Virtual Virtual Online 16/10/2003   ONLINE PUBLICATION 123944-1001 06/08/2019 1 06/08/2019 Book